|
|
|
|
| LEADER |
00000nam a2200000 i 4500 |
| 001 |
DIGUAZUAY0136 |
| 003 |
NyNyDIG |
| 007 |
cr ||||||||||| |
| 008 |
260119s2022 ec o o 000 0 spa d |
| 006 |
m o d |
| 035 |
|
|
|a (OCoLC)1420742813
|
| 040 |
|
|
|a DGITA
|b eng
|e rda
|e pn
|c DGITA
|
| 020 |
|
|
|a 9789942847409
|q eBook
|
| 020 |
|
|
|z 9789942847393
|
| 043 |
|
|
|a s-ec---
|
| 050 |
1 |
4 |
|a ML235.8.C96 ebook
|
| 245 |
0 |
4 |
|a Una historia de la Fiesta de la Música :
|b Cuenca 1991-2021/
|c Eliana Bojorque Pazmiño, coordinadora de la investigación.
|
| 264 |
|
1 |
|a Cuenca, Ecuador :
|b Universidad del Azuay, Casa Editora,
|c [2022]
|
| 300 |
|
|
|a 1 online resource :
|b photographs.
|
| 336 |
|
|
|a text
|b txt
|2 rdacontent
|
| 337 |
|
|
|a computer
|b c
|2 rdamedia
|
| 338 |
|
|
|a online resource
|b cr
|2 rdacarrier
|
| 347 |
|
|
|a text file
|2 rdaft
|
| 347 |
|
|
|b PDF
|
| 490 |
1 |
|
|a Artem
|
| 588 |
0 |
|
|a Online resource; title from PDF title page (Digitalia, viewed January 19, 2026)
|
| 650 |
|
0 |
|a Music festivals
|z Ecuador
|z Cuenca
|x History.
|
| 700 |
1 |
|
|a Bojorque Pazmiño, Miriam Eliana,
|e editor.
|
| 791 |
2 |
|
|a Digitalia (Firm),
|e distributor.
|
| 793 |
0 |
|
|g Digitalia eBook Collection:
|a Universidad del Azuay
|
| 776 |
0 |
8 |
|i Print version:
|t Historia de la Fiesta de la Música.
|d Cuenca, Ecuador : Universidad del Azuay, Casa Editora, [2022]
|z 9789942847393
|
| 830 |
|
0 |
|a Artem (Universidad del Azuay, Casa Editora)
|
| 856 |
4 |
0 |
|3 Digitalia Hispánica
|u https://www.digitaliapublishing.com/a/133521/
|
| 910 |
|
|
|a Premium collection: 2026
|